|
|
|
|
| LEADER |
00000nam a22000007a 4500 |
| 005 |
20141016205354.0 |
| 007 |
cr|||| |||| |
| 008 |
141016s2014 br |||||s|||| 00||0 por d |
| 020 |
|
|
|a 978-85-361-3023-1
|
| 035 |
|
|
|a 12447
|
| 040 |
|
|
|a vLex
|
| 090 |
|
|
|c 5229
|d 5229
|
| 100 |
1 |
|
|a Hatschbach Bittencourt, Gisele
|
| 245 |
1 |
0 |
|a Manual de Processo do Trabalho
|h [Recurso electrn̤ico] /
|c Gisele Hatschbach Bittencourt
|
| 256 |
|
|
|a Servicio en ln̕ea
|
| 260 |
|
|
|a San Pablo:
|b LTR Editora,
|c 2014
|
| 300 |
|
|
|a 1 recurso electrn̤ico
|
| 500 |
|
|
|a Com base em sl̤ida atuaȯ̂ profissional no ḿbito da Justiȧ do Trabalho, a Autora torna de fc̀il compreensô o processo do trabalho, permitindo ao aluno de graduaȯ̂, ps̤-graduaȯ̂ e candidato a Exame da Ordem e concursos pb︢licos a assimilaȯ̂ integral da matřia.
|
| 506 |
1 |
|
|a Disponible solo en los productos indicados
|d vLex Global
|d vLex Global (Academic Edition, excluding Law Schools)
|d vLex Global (U.S. Academic Edition, Law Schools)
|d vLex Global (U.S. Academic Edition, excluding Law Schools)
|d vLex Global (Academic Edition, Law Schools)
|
| 650 |
0 |
4 |
|a Derecho Civil
|z Brasil
|
| 650 |
0 |
4 |
|a Derecho Laboral y Seguridad Social
|z Brasil
|
| 740 |
0 |
|
|a vLex Libros (Servicio en ln̕ea)
|
| 856 |
4 |
0 |
|u http://vlex.com/source/manual-de-processo-do-trabalho-12447
|z Acceso restringido
|
| 942 |
|
|
|c BOOK
|
| 999 |
0 |
|
|a Civil Law
|
| 999 |
0 |
|
|a Labor Law and Social Security
|